Quizzes
Events
Quiz Creation
Community
Videos
Private Events
Remove Ads
Sign In
Join for FREE
Feedback
Dark Mode
Quiz Categories
Sports
Geography
Music
Movies
Television
Just For Fun
Miscellaneous
History
Literature
Language
Science
Gaming
Entertainment
Religion
Holiday
For Kids
Quiz Lab
Recent
Popular Today
Quiz Kudos Today
Editor Picks
Curator Picks
Quizzes by...
Day
Popularity
Type
Ratings
Length
Year
Community
Subscriptions
Recent Discussions
Orange Saloon
Badges
Playlists
Quests
Create
Leaderboards
Showdown
Live 5
Trivia Bingo
Activity
Puzzle Library
Sporcle Events
Private Events
Virtual Trivia
Globe League
Become a Host
Pub Owners
SporcleCon
Opinionation
Our Games
Videos
Blog
Mobile Apps
Partnerships
Remove Ads and Go Orange
Feedback
Television
TV Characters
TV Show
Sitcom
Network
Friends
Reality Shows
Cast
South Park
Star Trek
The Simpsons
Doctor Who
Television
TV Characters
TV Show
Sitcom
Network
Friends
Reality Shows
Cast
South Park
Star Trek
The Simpsons
Doctor Who
Random Quiz
Search Sporcle
×
Quiz Lab
Quiz Lab
Television
2011
Type in answers that appear in a list
Type in answers that appear in a list
Classic
Best Score? Go Orange.
X Factor 2011 Stats
Can you name the X Factor 2011 Finalists?
By
robpye
4m
16 Questions
322 Plays
322 Plays
322 Plays
Comments
Comments
Give Quiz Kudos
Give Quiz Kudos
-
- Ratings
hide this ad
Replay
Link that replays current quiz
Next Quiz
Link to next quiz in quiz playlist
You Got
0%
They Got
Avg Score
78%
Avg Friend Score
Upgrade to see
Score Distribution
Jump to the score distribution portion of the page
Score
0/16
Timer
04:00
0
Plays Today
Category
Contestant
% Correct
Boys
Marcus Collins
88.8%
Girls
Amelia Lily
87.3%
Girls
Misha Bryan
85.7%
Girls
Janet Devlin
85.1%
Groups
Little Mix
81.7%
Groups
The Risk
80.4%
Boys
Craig Colton
79.5%
Over 25s
Johnny Robinson
79.2%
Category
Contestant
% Correct
Over 25s
Kitty Brucknell
79.2%
Boys
Frankie Cocozza
78.3%
Girls
Sophie Habibis
77.3%
Groups
2 Shoes
76.7%
Over 25s
Sami Brookes
72%
Groups
Nu Vibe
70.5%
Boys
James Michael
67.1%
Over 25s
Jonjo Kerr
62.1%
Quiz Playlist
Details
Report
Send in Message
Add To Playlist
Classic:
Type in answers that appear in a list
Last Updated: Feb 16, 2017
Quiz Scoreboard
CHALLENGE
Sign Up to Join the Scoreboard
Show All
Scores
Hide
Comments
May contain spoilers
Recently Published
9x9 Crossword: Cartoon Network
by jackfrog10
Miscellaneous
3m
College Basketball Coaching Resumes
by pancakes188
Sports
9m
Billboard Blitz: Fleetwood Mac
by CooCooCachoo
Music
15s
More to Explore
Quiz From the Vault
Featured Blog Post
Where Did the Easter Bunny Come From?
hide this ad
You Might Also Like...
Tags
2011
Category
factor
finalist
X Factor
Today's Top Quizzes in Television
Browse Television
hide this ad
Today's Top Quizzes in 2011
Browse 2011
Top Contributed Quizzes in Television
1
5-to-1: The Simpsons Families
2
5-to-1: Television Doctors
3
7-to-1: TV Show Settings
4
Adjectives in 00s TV Shows
5
Adjectives in 80s TV Shows
6
5-to-1: Streaming Originals
7
Adjectives in 10s TV Shows
8
Survivor Seasons
9
One Piece Logic Puzzle
10
All US Survivor Seasons in Order
Explore More
Trending Topics
Anime
Harry Potter
Marvel
Disney
Crossword
NBA
Kpop
Song
Country
Soccer
Puzzle
WWE
NFL
Pokémon
The Office
hide this ad
More By:
robpye
Quiz
Plays
Rating
Category
Featured
Created
Harry Potter Top 300
44,440
4.47
Literature
Aug 21, 2011
Pixar Cars Characters
1,625
4.75
Movies
Sep 12, 2010
Percy Jackson and the Lightning Thief Characters
1,356
5.00
Literature
Oct 2, 2011
Tinkerbell
1,156
2.00
Movies
Jan 21, 2011
Cars 2 Characters
862
4.00
Movies
Jul 20, 2011
Go to Creator's Profile
Score Distribution
Quiz Creator Spotlight
robpye
Follow
Send a Message
Quizzes Created
-
Created Quiz Play Count
-
More By This Creator
Popular Quizzes Today
1
Find the US States - No Outlines Minefield
2
Find the Countries of Europe - No Outlines Minefield
3
The Countries of the World
4
Find the US States
5
Risky Map Clicking: Biggest States A-Z
6
US States
7
Popular People in 1961
8
Movies - When Are They Set?
More Television Quizzes
LogiCrossword: Rupaul's Drag Race All Stars 3
Quiz Lab
Trending Quizzes
Risky Map Clicking: Least Populous States A-Z
1-10 Letter G Words
1-10 Letter F Words
Risky Map Clicking: Next State Alphabetically
Adjectives in 80s TV Shows
Recently Updated
Leaping Animals
pecheneg
Reality TV Shows (A-Z)
bhenderson79
Rickey Henderson's Hall of Fame Teammates
pecheneg
Champions League XIs: Arsenal
pecheneg
Quick Pick: Celebrities in WWE's Hall of Fame
aduchscher
A-Z Keypad Blitz II
pecheneg
Multiple Oscar Actors
pecheneg
Mystery Phrase Blitz: Oscar 'Best Actors'
pecheneg
F. Scott Fitzgerald Novels
LTH
Pick 3 Villains
ddd62291
Trending Topics
Anime
Crossword
Disney
Kpop
Harry Potter
Marvel
NBA
Soccer
Country
The Office
NFL
Song
Puzzle
Pokémon
WWE
Your Account Isn't Verified!
In order to create a playlist on Sporcle, you need to verify the email address you used during registration. Go to your
Sporcle Settings
to finish the process.
Report this User
Report this user for behavior that violates our
Community Guidelines
.
Details:
Send Report
Go to the Sporcle.com Mobile Site →
Comments